000
00287nam a22001217a 4500
999
_c
155366
_d
155366
082
_a
_b
100
_a
Balakrishnan
245
_a
Nammude nadan kalakal/
_c
by Balakrishnan/
260
_a
Kannur:
_b
Kerala Folklore Academy,
_c
2012.
300
_a
292p.
650
_a
Folklore
942
_c
BK